|
|
|
|
| LEADER |
00000nam0a2200000 4500 |
| 001 |
303787 |
| 005 |
20231102001634.0 |
| 020 |
|
|
|a RU
|b 83-24842ж
|
| 035 |
|
|
|a (RuTPU)RU\TPU\book\329015
|
| 090 |
|
|
|a 303787
|
| 100 |
|
|
|a 20150904d1983 k a0rusy5003 ca
|
| 101 |
0 |
|
|a rus
|
| 102 |
|
|
|a RU
|
| 105 |
|
|
|a a z 011zy
|
| 200 |
1 |
|
|a Вопросы инженерной геологии и грунтоведения
|e сборник статей
|h Вып. 5
|f Московский государственный университет им. М. В. Ломоносова (МГУ)
|
| 210 |
|
|
|a Москва
|c Изд-во Московского ун-та
|d 1983
|
| 215 |
|
|
|a 409 с.
|c ил.
|
| 300 |
|
|
|a К 45-летию кафедры грунтоведения и инженерной геологии
|
| 320 |
|
|
|a Библиография в конце статей
|
| 606 |
1 |
|
|a Инженерная геология
|2 stltpush
|3 (RuTPU)RU\TPU\subj\12572
|9 39335
|
| 610 |
1 |
|
|a грунтоведение
|
| 610 |
1 |
|
|a горные породы
|
| 610 |
1 |
|
|a изучение
|
| 610 |
1 |
|
|a инженерная геодинамика
|
| 610 |
1 |
|
|a техническая мелиорация
|
| 675 |
|
|
|a 624.131.1
|z rus
|v 3
|
| 712 |
0 |
2 |
|a Московский государственный университет им. М. В. Ломоносова (МГУ)
|2 stltpush
|3 (RuTPU)RU\TPU\col\7
|
| 801 |
|
0 |
|a RU
|b RuMRKP
|c 19950704
|g psbo
|
| 801 |
|
1 |
|a RU
|b 63413507
|c 20150904
|
| 801 |
|
2 |
|a RU
|b 63413507
|c 20190710
|g RCR
|
| 942 |
|
|
|c BK
|